Indian Constitution Conflicts and Controversies/ (Record no. 187346)

MARC details
000 -LEADER
fixed length control field 00563nam a22001817a 4500
005 - DATE AND TIME OF LATEST TRANSACTION
control field 20220412164335.0
010 ## - LCCN (DPL NO)
LC control number ENG-132297
020 ## - INTERNATIONAL STANDARD BOOK NUMBER
International Standard Book Number 9788189766412
Terms of availability 695.00
035 ## - SYSTEM CONTROL NUMBER
System control number EN-115829
037 ## - SOURCE OF ACQUISITION
Source of stock number/acquisition DBAD/PUB
082 ## - DEWEY DECIMAL CLASSIFICATION NUMBER
Classification number 342.54
100 ## - MAIN ENTRY--PERSONAL NAME
Personal name Kashyap, Subhash C
245 ## - TITLE STATEMENT
Title Indian Constitution Conflicts and Controversies/
Statement of responsibility, etc Subhash C Kashyap
260 ## - PUBLICATION, DISTRIBUTION, ETC. (IMPRINT)
Place of publication, distribution, etc New Delhi
Name of publisher, distributor, etc Vitasta Publishing Pvt Ltd
Date of publication, distribution, etc 2010
270 ## - ADDRESS
City New Delhi
Address 2/15, Ansari Road, Daryaganj
Postal code 110002
300 ## - PHYSICAL DESCRIPTION
Extent ix, 415p.
Dimensions 23cm(hbk)
942 ## - ADDED ENTRY ELEMENTS (KOHA)
Source of classification or shelving scheme Dewey Decimal Classification
Item type English Books
Call number suffix KAS
Classification part 342.54
Holdings
Withdrawn status Lost status Not for loan Collection code Home library Current library Date acquired Source of acquisition Cost, normal purchase price Full call number Barcode Copy number Cost, replacement price Koha item type
      Non-fiction Patel Nagar Patel Nagar 12/04/2022 DBAD/PUB 695.00 342.54 KAS EN-115829 1 695.00 English Books

© Delhi Public Library
Hit Counter
free hit counter